Statistics for Tyler, The Creator Discography (Hard)

Click here to take the quiz!

General Stats

  • This quiz has been taken 40 times
  • The average score is 8 of 11

Answer Stats

YearTypeName% Correct
2013Solo AlbumWolf
97%
2015Solo AlbumCherry Bomb
94%
2017Solo AlbumFlower Boy
94%
2011Solo AlbumGoblin
94%
2009MixtapeBastard
91%
2021Solo AlbumCall Me If You Get Lost
91%
2019Solo AlbumIGOR
91%
2018EPMusic Inspired By Illumination & Dr. Seuss' The Grinch
66%
2018Instrumental AlbumCherry Bomb Instrumentals
37%
2013Live AlbumLive At Splash!
23%
2019Video AlbumApple Music Presents: Tyler, The Creator
9%

Score Distribution

Percentile by Number Answered

Percent of People with Each Score

Your Score History

You have not taken this quiz